03144nam a2200301 4500003000500000005001700005007000300022008004100025020002200066040001700088082002800105100002600133245009000159250002200249264004100271300005500312336002700367337002700394338002800421500001800449505103800467520118501505534004902690650001102739650002402750650002502774700004302799CHAP20240130141827.0ta231020s2019 sp ao|||r|||| 001 0 sp d a978-84-200-1193-6 aZcCHAPerda00a636.39089bM38 20192201 aMatthews, Johneautor00aEnfermedades de la cabra /cJohn G. Matthews; traducción Jesús García Sánchez aSegunda edición 1aZaragoza, España:bAcribia, c2019 axi, 492 páginas: bilustraciones, fotografías  2rdacontentatextobtxt 2rdamediaasin mediobn 2rdacarrieravolumenbnc aej.1: consumo0 gCapítulo 1. Infertilidad de la hembra.-- Capítulo 2. Aborto.-- Capítulo 3. Infertilidad del macho.-- Capítulo 4. La cabra en el periodo del periparto.-- 5. Cabritos débiles.-- 6. Crecimiento inadecuado.-- Capítulo 7. Cojeras en las cabras adultas.-- Capítulo 8. Cojeras en cabritos.-- Capítulo 9. Pérdida crónica de peso.-- Capítulo 10. Abultamientos externos.-- Capítulo 11. Procesos de la piel.-- Capítulo12. Enfermedades nerviosas.-- Capítulo 13. Enfermedades de la glándula mamaria.-- Capítulo 14. Diarrea.-- Capítulo 15. Cólico.-- Capítulo 16. Distensión abdominal.-- Capítulo 17. Enfermedades respiratorias.-- Capítulo 18. Anemia.-- Capítulo 19. Muerte súbita, examen post mortem y eutanasia.-- Capítulo 20. Enfermedades de los ojos.-- Capítulo 21. Intoxicación por plantas.-- Capitulo 22. La cabra geriátrica.-- Capítulo 23. Sanidad y bioseguridad de la explotación.-- Anestesia.-- Capítulo 25. Desbotonado y descornado.-- Capítulo 26. Técnicas quirúrgicas  aEsta nueva edición de enfermedades de la cabra presenta numerosas actualizaciones y revisiones y constituye la herramienta ideal para el veterinario encargado del tratamiento de cabras. Este manual conciso y altamente práctico aborda todos los aspectos de la medicina caprina, desde la valoración y el examen inicial hasta el diagnóstico, el tratamiento y el control de cualquier enfermedad. Nuevo en esta edición: - Aporta información sobre predadores, eutanasia, técnica de necropsia y resolución de fracturas. - Recoge la última información sobre diversas enfermedades exóticas y sobre su diseminación geográfica en años recientes, incluyendo los brotes de tuberculosis y otras enfermedades previamente no observadas de las cabras domésticas. - Incluye una mayor cobertura de numerosos temas de interés para una audiencia internacional, especialmente en relación con plantas tóxicas. Compactada, práctica y totalmente actualizada, esta nueva edición de enfermedades de las cabras incrementa su reputación como una guía de referencia manejable e inestimable para veterinarios y todos aquellos implicados en la salud de las cabras. pTítulo original: Diseases of goat, 4a. ed.13aCabras17aCabras Enfermedades13aMedicina veterinaria1 aGarcía Sánchez, Jesúsetraductor